Windmill, Painter, Cheese, or Canal - A Netherlands Click Quiz - Statistics

General Stats
  • This quiz has been taken 98 times
  • The average score is 23 of 32
Answer Stats
Hint Answer % Correct
Gouda Cheese
98%
Johannes Vermeer Painter
97%
Vincent van Gogh Painter
97%
Rembrandt van Rijn Painter
97%
Frans Hals Painter
93%
Edam Cheese
93%
Carel Fabritius Painter
87%
Aelbert Cuyp Painter
83%
Hieronymus Bosch Painter
82%
Beemster Cheese
80%
Piet Mondrian Painter
78%
Limburger Cheese
78%
Zwanenburgwal Amsterdam Canal
77%
Leerdammer Cheese
73%
Kloveniersburgwal Amsterdam Canal
73%
Herengracht Amsterdam Canal
70%
Keizersgracht Amsterdam Canal
70%
Oudezijds Voorburgwal Amsterdam Canal
70%
Prinsengracht Amsterdam Canal
67%
Krijtmolen d'Admiraal Windmill
65%
Entrepotdok Amsterdam Canal
65%
Boerenkaas Cheese
63%
De Valk Windmill
62%
De Adriaan Windmill
58%
Schermerhorn Ploder Windmill
57%
Maasdam Cheese
55%
Kinderdijk Windmill
53%
Singel Amsterdam Canal
50%
Leyden Cheese
47%
Zaanse Schans Windmill
45%
Schiedam Jenver Windmill
45%
De Gooyer Windmill
38%
No matching quizzes found
Score Distribution
Percent of People with Each Score
Percentile by Number Answered
Your Score History
You have not taken this quiz